000 00682nam a2200241 i 4500
001 C2-0217362
003 PPAK
005 20180728105825.0
008 990621s1982 nz a|||| ||||| | eng d
020 _a079000058X
040 _aPPAK
_beng
_cPPAK
_erda
082 0 4 _a919.0493
_2 23
090 0 0 _a919.0493
_bKIN
_dR
100 1 _aKing, Michael,
_eauthor
245 1 0 _aNew Zealand in colour
264 1 _aAuckland :
_bReed books ,
_c1982
300 _a112 pages :
_bcolour illustrations ;
_c29 cm
336 _2rdacontent
_atext
337 _2rdamedia
_aunmediated
338 _2rdacarrier
_avolume
650 1 0 _aNew Zealand - Description and travel - 1981-
942 _ddc
_cB
999 _c160582
_d160582